000 00416nam a2200157Ia 4500
005 20250609092208.0
008 240126s9999 xx 000 0 und d
020 _a9789387944312
082 _a158.1 STE;1 R
100 _aSterner, Thomas M.
245 0 _aFully engaged : using the practicing mind in daily life
260 _bJaico Publishing
_aAhmedabad
300 _axi, 102
440 _aNULL
942 _cPU
999 _c285948
_d285948